<?xml version="1.0" encoding="UTF-8"?>
<collection xmlns="http://www.loc.gov/MARC21/slim">
 <record>
  <leader>02373nam a22002417a 4500</leader>
  <controlfield tag="001">NCT_72948</controlfield>
  <controlfield tag="008">191216b        xxu||||| |||| 00| 0 vie d</controlfield>
  <datafield tag="999" ind1=" " ind2=" ">
   <subfield code="c">3554</subfield>
   <subfield code="d">3554</subfield>
  </datafield>
  <datafield tag="020" ind1=" " ind2=" ">
   <subfield code="a">9786045891964</subfield>
   <subfield code="c">72000</subfield>
  </datafield>
  <datafield tag="082" ind1="0" ind2="4">
   <subfield code="2">23rd ed.</subfield>
   <subfield code="a">335.4346</subfield>
   <subfield code="b">Ph431</subfield>
  </datafield>
  <datafield tag="100" ind1="1" ind2=" ">
   <subfield code="a">Bùi Đình Phong</subfield>
  </datafield>
  <datafield tag="245" ind1="1" ind2="0">
   <subfield code="a">Xây dưng đất nước phồn vinh theo di chúc của chủ tịch Hồ Chí Minh</subfield>
   <subfield code="c">Bùi Đình Phong</subfield>
  </datafield>
  <datafield tag="260" ind1=" " ind2=" ">
   <subfield code="a">Tp Hồ Chí Minh</subfield>
   <subfield code="b">Tổng hợp Tp Hồ Chí Minh</subfield>
   <subfield code="c">2019</subfield>
  </datafield>
  <datafield tag="300" ind1=" " ind2=" ">
   <subfield code="a">255 tr.</subfield>
   <subfield code="c">21cm</subfield>
  </datafield>
  <datafield tag="520" ind1="3" ind2=" ">
   <subfield code="a">Cuốn sách xây dưng đất nước phồn vinh theo di chúc của chủ tịch Hồ Chí Minh trên cơ sở khảo cứu quá trình Bác viết Di chúc với tinh thần ung dung, lạc quan, thư thái - tác giả tập trung phân tích Di chúc như một quốc bảo xây dựng đất nước đàng hoàng hơn, to đẹp hơn sau khi cuộc kháng chiến chống Mỹ cứu nước thắng lợi, mang sinh khí của công cuộc đổi mới. Đó là một kế hoạch sẵn sàng, rõ ràng, chu đáo về các nội dung chính trị, kinh tế, văn hóa, xã hội, thể hiện một quyết tâm và niềm tin trong cuộc chiến đấu khổng lồ chống lại những gì đã cũ kỹ, hư hỏng, để tạo ra những cái mới mẻ, tốt tươi.</subfield>
  </datafield>
  <datafield tag="653" ind1=" " ind2=" ">
   <subfield code="a">Kinh tế chính trị</subfield>
  </datafield>
  <datafield tag="942" ind1=" " ind2=" ">
   <subfield code="2">ddc</subfield>
   <subfield code="c">BK</subfield>
  </datafield>
  <datafield tag="952" ind1=" " ind2=" ">
   <subfield code="0">0</subfield>
   <subfield code="1">0</subfield>
   <subfield code="2">ddc</subfield>
   <subfield code="4">0</subfield>
   <subfield code="6">335_434600000000000_PH431</subfield>
   <subfield code="7">0</subfield>
   <subfield code="9">18391</subfield>
   <subfield code="a">000001</subfield>
   <subfield code="b">000001</subfield>
   <subfield code="d">2019-12-16</subfield>
   <subfield code="o">335.4346 Ph431</subfield>
   <subfield code="p">MD.16228</subfield>
   <subfield code="r">2019-12-16</subfield>
   <subfield code="v">72000.00</subfield>
   <subfield code="w">2019-12-16</subfield>
   <subfield code="y">BK</subfield>
  </datafield>
  <datafield tag="952" ind1=" " ind2=" ">
   <subfield code="0">0</subfield>
   <subfield code="1">0</subfield>
   <subfield code="2">ddc</subfield>
   <subfield code="4">0</subfield>
   <subfield code="6">335_434600000000000_PH431</subfield>
   <subfield code="7">0</subfield>
   <subfield code="9">18392</subfield>
   <subfield code="a">000001</subfield>
   <subfield code="b">000001</subfield>
   <subfield code="d">2019-12-16</subfield>
   <subfield code="o">335.4346 Ph431</subfield>
   <subfield code="p">MD.16229</subfield>
   <subfield code="r">2019-12-16</subfield>
   <subfield code="v">72000.00</subfield>
   <subfield code="w">2019-12-16</subfield>
   <subfield code="y">BK</subfield>
  </datafield>
  <datafield tag="952" ind1=" " ind2=" ">
   <subfield code="0">0</subfield>
   <subfield code="1">0</subfield>
   <subfield code="2">ddc</subfield>
   <subfield code="4">0</subfield>
   <subfield code="6">335_434600000000000_PH431</subfield>
   <subfield code="7">0</subfield>
   <subfield code="9">18393</subfield>
   <subfield code="a">000001</subfield>
   <subfield code="b">000001</subfield>
   <subfield code="d">2019-12-16</subfield>
   <subfield code="o">335.4346 Ph431</subfield>
   <subfield code="p">MD.16230</subfield>
   <subfield code="r">2019-12-16</subfield>
   <subfield code="v">72000.00</subfield>
   <subfield code="w">2019-12-16</subfield>
   <subfield code="y">BK</subfield>
  </datafield>
  <datafield tag="952" ind1=" " ind2=" ">
   <subfield code="0">0</subfield>
   <subfield code="1">0</subfield>
   <subfield code="2">ddc</subfield>
   <subfield code="4">0</subfield>
   <subfield code="6">335_434600000000000_PH431</subfield>
   <subfield code="7">0</subfield>
   <subfield code="9">18394</subfield>
   <subfield code="a">000001</subfield>
   <subfield code="b">000001</subfield>
   <subfield code="d">2019-12-16</subfield>
   <subfield code="o">335.4346 Ph431</subfield>
   <subfield code="p">MD.16231</subfield>
   <subfield code="r">2019-12-16</subfield>
   <subfield code="v">72000.00</subfield>
   <subfield code="w">2019-12-16</subfield>
   <subfield code="y">BK</subfield>
  </datafield>
  <datafield tag="952" ind1=" " ind2=" ">
   <subfield code="0">0</subfield>
   <subfield code="1">0</subfield>
   <subfield code="2">ddc</subfield>
   <subfield code="4">0</subfield>
   <subfield code="6">335_434600000000000_PH431</subfield>
   <subfield code="7">0</subfield>
   <subfield code="9">18395</subfield>
   <subfield code="a">000001</subfield>
   <subfield code="b">000001</subfield>
   <subfield code="d">2019-12-16</subfield>
   <subfield code="o">335.4346 Ph431</subfield>
   <subfield code="p">MD.16232</subfield>
   <subfield code="r">2019-12-16</subfield>
   <subfield code="v">72000.00</subfield>
   <subfield code="w">2019-12-16</subfield>
   <subfield code="y">BK</subfield>
  </datafield>
  <datafield tag="980" ind1=" " ind2=" ">
   <subfield code="a">Thư viện Trường Đại học Nam Cần Thơ</subfield>
  </datafield>
 </record>
</collection>
